00504nam a2200133 a 450000100100000000500170001000800410002704000250006810000250009324500830011824600860020126000630028730000200035000004082620201002034416.0130909s2004 dr 000 0 spa d aDO-SdBNPbspacBNPHU1 aRobison, Fredrick A.10a¿Por qué soy cristiano? ¿por qué soy católico? /cFredrick A. Robison.14a¿Por qué soy cristiano? ¿por qué soy católico? ¿Por qué soy anglicano? a[Santo Domingo ] :bIglesia Episcopal Dominicana,c[199?]. a35 p. ;c21 cm.